Cool quiz I like and that is fun - Statistics

General Stats
  • This quiz has been taken 22 times
  • The average score is 6 of 15
Answer Stats
Hint Answer % Correct
What was the first marvel made (in MCU) Iron man
95%
How many Thor movies are there 4
74%
What infinity stone requires a sacrifice Soul
74%
How did Spider-man get his powers Radioactive spider
68%
Who is the main character of the original Pokémon anime Ash
63%
Who is captain America’s alter ego Steve Rogers
58%
What is the avengers 5 movie called Doomsday
32%
What item gives exp to the holder (is now a key item) exp share
32%
Name a Pokémon berry that regains hp by 10 Oran
32%
What is the water starter for the Unova region Oshawott
32%
What gimmick are they bringing back in the above game Mega evolution
21%
What is the next Pokémon game coming out called Z-A
21%
What Pokémon gets the battle bond ability Greninja
16%
What is Thors nickname given by tony Point Break
11%
What Pokémon has the Pokédex entry: It always goes at its full power, but this very tough and durable Pokémon never gets tired. Machoke
0%
No matching quizzes found
Score Distribution
Percent of People with Each Score
Percentile by Number Answered
Your Score History
You have not taken this quiz